中国所有地级市(城市点位地图版) - Statistics

General Stats
  • This quiz has been taken 44 times
  • The average score is 179 of 299
Answers on the Map
Answers color-coded by a green-red scale on the quiz's map according to % correct below.
 
Answer Stats
省级行政区 地级行政区 % Correct
甘肃省 兰州市
83%
宁夏回族自治区 银川市
83%
新疆维吾尔自治区 乌鲁木齐市
83%
河北省 石家庄市
78%
山西省 太原市
78%
内蒙古自治区 呼和浩特市
78%
内蒙古自治区 包头市
78%
辽宁省 大连市
78%
江苏省 南京市
78%
江苏省 徐州市
78%
江苏省 苏州市
78%
江苏省 连云港市
78%
江苏省 扬州市
78%
浙江省 杭州市
78%
浙江省 宁波市
78%
福建省 福州市
78%
福建省 厦门市
78%
山东省 济南市
78%
山东省 青岛市
78%
广东省 广州市
78%
四川省 成都市
78%
陕西省 西安市
78%
河北省 唐山市
74%
河北省 秦皇岛市
74%
河北省 邯郸市
74%
山西省 大同市
74%
辽宁省 沈阳市
74%
黑龙江省 哈尔滨市
74%
江苏省 无锡市
74%
江苏省 淮安市
74%
浙江省 温州市
74%
浙江省 湖州市
74%
浙江省 舟山市
74%
福建省 泉州市
74%
山东省 东营市
74%
山东省 烟台市
74%
河南省 郑州市
74%
河南省 洛阳市
74%
湖北省 武汉市
74%
广东省 深圳市
74%
广东省 汕头市
74%
广东省 中山市
74%
广西壮族自治区 南宁市
74%
陕西省 延安市
74%
河北省 张家口市
70%
河北省 承德市
70%
河北省 廊坊市
70%
山西省 晋中市
70%
山西省 运城市
70%
内蒙古自治区 赤峰市
70%
内蒙古自治区 通辽市
70%
辽宁省 葫芦岛市
70%
吉林省 长春市
70%
江苏省 常州市
70%
江苏省 盐城市
70%
浙江省 金华市
70%
安徽省 合肥市
70%
福建省 三明市
70%
江西省 南昌市
70%
山东省 泰安市
70%
山东省 威海市
70%
湖南省 长沙市
70%
广东省 珠海市
70%
广东省 汕尾市
70%
广西壮族自治区 桂林市
70%
广西壮族自治区 防城港市
70%
海南省 海口市
70%
海南省 三亚市
70%
四川省 攀枝花市
70%
四川省 绵阳市
70%
四川省 宜宾市
70%
贵州省 贵阳市
70%
甘肃省 武威市
70%
甘肃省 酒泉市
70%
青海省 西宁市
70%
新疆维吾尔自治区 吐鲁番市
70%
新疆维吾尔自治区 哈密市
70%
河北省 保定市
65%
河北省 衡水市
65%
山西省 忻州市
65%
内蒙古自治区 鄂尔多斯市
65%
辽宁省 丹东市
65%
吉林省 吉林市
65%
江苏省 南通市
65%
江苏省 泰州市
65%
浙江省 嘉兴市
65%
安徽省 马鞍山市
65%
江西省 赣州市
65%
山东省 淄博市
65%
山东省 日照市
65%
山东省 德州市
65%
河南省 开封市
65%
河南省 平顶山市
65%
湖北省 宜昌市
65%
湖北省 襄阳市
65%
湖北省 荆州市
65%
湖北省 黄冈市
65%
湖南省 湘潭市
65%
广东省 惠州市
65%
广东省 清远市
65%
广东省 东莞市
65%
广东省 潮州市
65%
云南省 昆明市
65%
西藏自治区 拉萨市
65%
陕西省 宝鸡市
65%
陕西省 咸阳市
65%
陕西省 汉中市
65%
陕西省 榆林市
65%
甘肃省 天水市
65%
甘肃省 张掖市
65%
河北省 沧州市
61%
山西省 晋城市
61%
山西省 吕梁市
61%
内蒙古自治区 呼伦贝尔市
61%
辽宁省 锦州市
61%
江苏省 镇江市
61%
浙江省 绍兴市
61%
浙江省 衢州市
61%
浙江省 台州市
61%
浙江省 丽水市
61%
安徽省 芜湖市
61%
安徽省 安庆市
61%
安徽省 黄山市
61%
福建省 莆田市
61%
福建省 漳州市
61%
福建省 南平市
61%
江西省 九江市
61%
江西省 鹰潭市
61%
山东省 枣庄市
61%
山东省 潍坊市
61%
山东省 临沂市
61%
山东省 滨州市
61%
河南省 安阳市
61%
河南省 鹤壁市
61%
河南省 新乡市
61%
河南省 南阳市
61%
河南省 驻马店市
61%
湖北省 孝感市
61%
湖南省 株洲市
61%
湖南省 郴州市
61%
广东省 佛山市
61%
广东省 湛江市
61%
四川省 雅安市
61%
贵州省 六盘水市
61%
云南省 丽江市
61%
西藏自治区 日喀则市
61%
宁夏回族自治区 固原市
61%
宁夏回族自治区 中卫市
61%
台湾省 台北市
61%
河北省 邢台市
57%
山西省 长治市
57%
山西省 朔州市
57%
内蒙古自治区 乌海市
57%
内蒙古自治区 乌兰察布市
57%
辽宁省 营口市
57%
辽宁省 盘锦市
57%
吉林省 白城市
57%
黑龙江省 齐齐哈尔市
57%
黑龙江省 鹤岗市
57%
黑龙江省 大庆市
57%
黑龙江省 佳木斯市
57%
黑龙江省 黑河市
57%
江苏省 宿迁市
57%
安徽省 蚌埠市
57%
安徽省 淮北市
57%
安徽省 滁州市
57%
福建省 龙岩市
57%
福建省 宁德市
57%
江西省 景德镇市
57%
江西省 抚州市
57%
山东省 济宁市
57%
山东省 菏泽市
57%
河南省 焦作市
57%
河南省 许昌市
57%
河南省 三门峡市
57%
湖北省 黄石市
57%
湖北省 十堰市
57%
湖北省 荆门市
57%
湖北省 咸宁市
57%
湖北省 随州市
57%
湖南省 衡阳市
57%
湖南省 岳阳市
57%
湖南省 张家界市
57%
广东省 韶关市
57%
广东省 江门市
57%
广东省 肇庆市
57%
广东省 河源市
57%
广东省 揭阳市
57%
广西壮族自治区 柳州市
57%
广西壮族自治区 梧州市
57%
广西壮族自治区 北海市
57%
海南省 儋州市
57%
四川省 德阳市
57%
四川省 广元市
57%
四川省 乐山市
57%
贵州省 遵义市
57%
云南省 玉溪市
57%
陕西省 铜川市
57%
陕西省 渭南市
57%
甘肃省 金昌市
57%
甘肃省 白银市
57%
宁夏回族自治区 石嘴山市
57%
宁夏回族自治区 吴忠市
57%
台湾省 台中市
57%
台湾省 台南市
57%
台湾省 高雄市
57%
黑龙江省 鸡西市
52%
黑龙江省 双鸭山市
52%
黑龙江省 七台河市
52%
黑龙江省 牡丹江市
52%
安徽省 淮南市
52%
安徽省 阜阳市
52%
安徽省 六安市
52%
安徽省 宣城市
52%
江西省 萍乡市
52%
江西省 吉安市
52%
江西省 上饶市
52%
河南省 漯河市
52%
河南省 商丘市
52%
河南省 信阳市
52%
河南省 周口市
52%
湖北省 鄂州市
52%
湖南省 永州市
52%
湖南省 怀化市
52%
广东省 茂名市
52%
广东省 阳江市
52%
广东省 云浮市
52%
广西壮族自治区 钦州市
52%
广西壮族自治区 崇左市
52%
海南省 三沙市
52%
四川省 泸州市
52%
四川省 达州市
52%
四川省 资阳市
52%
云南省 曲靖市
52%
云南省 普洱市
52%
云南省 临沧市
52%
西藏自治区 林芝市
52%
陕西省 安康市
52%
陕西省 商洛市
52%
甘肃省 嘉峪关市
52%
山西省 临汾市
48%
内蒙古自治区 巴彦淖尔市
48%
辽宁省 鞍山市
48%
辽宁省 抚顺市
48%
辽宁省 本溪市
48%
辽宁省 辽阳市
48%
吉林省 四平市
48%
吉林省 辽源市
48%
吉林省 通化市
48%
吉林省 白山市
48%
吉林省 松原市
48%
黑龙江省 绥化市
48%
安徽省 宿州市
48%
安徽省 池州市
48%
江西省 新余市
48%
山东省 聊城市
48%
河南省 濮阳市
48%
湖南省 邵阳市
48%
湖南省 常德市
48%
湖南省 益阳市
48%
湖南省 娄底市
48%
广东省 梅州市
48%
广西壮族自治区 百色市
48%
广西壮族自治区 河池市
48%
四川省 遂宁市
48%
四川省 内江市
48%
四川省 南充市
48%
四川省 巴中市
48%
贵州省 铜仁市
48%
云南省 保山市
48%
云南省 昭通市
48%
甘肃省 平凉市
48%
甘肃省 庆阳市
48%
甘肃省 陇南市
48%
青海省 海东市
48%
新疆维吾尔自治区 克拉玛依市
48%
台湾省 新北市
48%
台湾省 桃园市
48%
山西省 阳泉市
43%
辽宁省 铁岭市
43%
辽宁省 朝阳市
43%
黑龙江省 伊春市
43%
安徽省 铜陵市
43%
安徽省 亳州市
43%
广西壮族自治区 贵港市
43%
广西壮族自治区 玉林市
43%
广西壮族自治区 贺州市
43%
四川省 自贡市
43%
四川省 眉山市
43%
四川省 广安市
43%
贵州省 安顺市
43%
贵州省 毕节市
43%
西藏自治区 昌都市
43%
西藏自治区 山南市
43%
辽宁省 阜新市
39%
江西省 宜春市
39%
广西壮族自治区 来宾市
39%
西藏自治区 那曲市
39%
甘肃省 定西市
35%
No matching quizzes found
Score Distribution
Percent of People with Each Score
Percentile by Number Answered
Your Score History
You have not taken this quiz